Statystyki dla Dzieła Williama Szekspira

Kliknij tutaj aby rozwiązać quiz!

Ogólne statystyki

  • Ten quiz został rozwiązany 281 razy
  • Średni wynik to 8 z 41

Statystyki odpowiedzi

Tytuł% Poprawnych
Romeo i Julia
96%
Hamlet
85%
Makbet
84%
Sen nocy letniej
56%
Król Lear
45%
Otello
37%
Burza
27%
Henryk V
24%
Kupiec wenecki
23%
Poskromienie złośnicy
21%
Ryszard II
21%
Henryk VI
19%
Juliusz Cezar
19%
Henryk IV
17%
Henryk VIII
16%
Ryszard III
16%
Wesołe kumoszki z Windsoru
16%
Wiele hałasu o nic
16%
Wieczór Trzech Króli
15%
Jak wam się podoba
14%
Sonety
14%
Antoniusz i Kleopatra
13%
Tytus Andronikus
13%
Król Jan
10%
Dwaj panowie z Werony
9%
Tymon Ateńczyk
8%
Miarka za miarkę
7%
Cymbelin
6%
Komedia omyłek
6%
Zimowa opowieść
6%
Namiętny pielgrzym
5%
Wszystko dobre, co się dobrze kończy
5%
Feniks i gołąb
4%
Perykles, książę Tyru
4%
Stracone zachody miłości
4%
Dwóch szlachetnych krewnych
3%
Gwałt na Lukrecji
3%
Korolian
3%
Troilus i Kresyda
3%
Wenus i Adonis
3%
Skarga zakochanej
2%

Rozkład punktacji

Percentyl według liczby udzielonych odpowiedzi

Procent ludzi z każdym wynikiem

Twoja historia wyników

Nie rozwiązałeś tego quizu